Normal view MARC view
  • Laisant, C.-A.

Entry Nombre Personal

Number of records used in: 1

001 - NUMERO DE CONTROL

  • campo de control: 52587

003 - IDENTIFICADOR DE NUMERO DE CONTROL

  • campo de control: DLC

005 - FECHA Y HORA DE LA ÜLTIMA TRANSACCIÓN

  • campo de control: 20240701122516.0

008 - DATOS DE LONGITUD FIJA

  • campo de control de longitud fija: 841004n| acannaabn |a aaa c

010 ## - NÚMERO DE CONTROL DE LA BIBLIOTECA DEL CONGRESO

  • Número de control LC: n 84805021

035 ## - NUMERO DE CONTROL

  • Número de control: (OCoLC)oca01180719

040 ## - FUENTE DE CATALOGACIÓN

  • Agencia original de catalogación: ICU
  • Lenguaje de catalogación: spa
  • Agencia de transcripción: ICU
  • Agencia que lo modifica: OCoLC
  • Agencia que lo modifica: MX-MxUPN

100 1# - ENCABEZAMIENTO - NOMBRE PERSONAL

  • Nombre personal: Laisant, C.-A.
  • Fuller form of name: (Charles-Ange),
  • Fechas asociadas con el nombre: 1841-1920

400 1# - VEÁSE - NOMBRE DE PERSONA

  • Control subfield: nna
  • Personal name: Laisant, Charles Ange,
  • Dates associated with a name: 1841-1920.

670 ## - FUENTE EN LA QUE SE LOCALIZARON DATOS

  • Cita de la fuente: LCCN 24-16714: His Théorie et applications des équipollences, 1887
  • Información localizada: (hdg.: Laisant, Charles Ange, 1841-1920; usage: C.-A. Laisant)

670 ## - FUENTE EN LA QUE SE LOCALIZARON DATOS

  • Cita de la fuente: Iniciación matemática, 1917:
  • Información localizada: portada (C. A. Laisant)

902 ## - CATALOGADOR

  • Catalogador: Víctor Ruiz/010724